Das Theodizeeproblem in der aktuellen Religionsphilosophie und Theologie
| Main Author: | |
|---|---|
| Format: | Print Article |
| Language: | German |
| Check availability: | HBZ Gateway |
| Interlibrary Loan: | Interlibrary Loan for the Fachinformationsdienste (Specialized Information Services in Germany) |
| Published: |
2001
|
| In: |
Münchener theologische Zeitschrift
Year: 2001, Volume: 52, Issue: 3, Pages: 260-269 |
| Standardized Subjects / Keyword chains: | B
Theodicy
|
| RelBib Classification: | AB Philosophy of religion; criticism of religion; atheism NBC Doctrine of God |
| Further subjects: | B
Religious philosophy
B theodicy problem B Philosophy of religion B Theodizeeproblem |
| Parallel Edition: | Electronic
|
MARC
| LEADER | 00000caa a22000002c 4500 | ||
|---|---|---|---|
| 001 | 596766777 | ||
| 003 | DE-627 | ||
| 005 | 20241129175129.0 | ||
| 007 | tu | ||
| 008 | 160405s2001 xx ||||| 00| ||ger c | ||
| 035 | |a (DE-627)596766777 | ||
| 035 | |a (DE-576)465622062 | ||
| 035 | |a (DE-599)GBV596766777 | ||
| 040 | |a DE-627 |b ger |c DE-627 |e rakwb | ||
| 041 | |a ger | ||
| 084 | |a 1 |2 ssgn | ||
| 100 | 1 | |0 (DE-588)126298963 |0 (DE-627)372596983 |0 (DE-576)295658304 |4 aut |a Loichinger, Alexander | |
| 109 | |a Loichinger, Alexander | ||
| 245 | 1 | 4 | |a Das Theodizeeproblem in der aktuellen Religionsphilosophie und Theologie |c von Alexander Loichinger |
| 264 | 1 | |c 2001 | |
| 336 | |a Text |b txt |2 rdacontent | ||
| 337 | |a ohne Hilfsmittel zu benutzen |b n |2 rdamedia | ||
| 338 | |a Band |b nc |2 rdacarrier | ||
| 500 | |a Aufsatz | ||
| 601 | |a Religionsphilosophie | ||
| 601 | |a Theologie | ||
| 650 | 4 | |a Theodizeeproblem | |
| 650 | 4 | |a Religionsphilosophie | |
| 650 | 4 | |a theodicy problem | |
| 650 | 4 | |a Philosophy of religion | |
| 652 | |a AB:NBC | ||
| 689 | 0 | 0 | |d s |0 (DE-588)4059740-4 |0 (DE-627)104589558 |0 (DE-576)209132027 |2 gnd |a Theodizee |
| 689 | 0 | |5 (DE-627) | |
| 773 | 0 | 8 | |i In |t Münchener theologische Zeitschrift |d St. Ottilien : EOS-Verl. Erzabtei St. Ottilien, 1950 |g 52(2001), 3, Seite 260-269 |w (DE-627)129474339 |w (DE-600)203039-1 |w (DE-576)014852195 |x 0580-1400 |7 nnas |
| 773 | 1 | 8 | |g volume:52 |g year:2001 |g number:3 |g pages:260-269 |
| 776 | |i Erscheint auch als |n elektronische Ausgabe |w (DE-627)1804238465 |k Electronic | ||
| 889 | |w (DE-627)1864065389 | ||
| 935 | |a mteo | ||
| 935 | |i mdedup | ||
| 935 | |i Blocktest | ||
| 951 | |a AR | ||
| ELC | |b 1 | ||
| ITA | |a 1 |t 1 | ||
| LOK | |0 000 xxxxxcx a22 zn 4500 | ||
| LOK | |0 001 3307897160 | ||
| LOK | |0 003 DE-627 | ||
| LOK | |0 004 596766777 | ||
| LOK | |0 005 20160405132304 | ||
| LOK | |0 008 160404||||||||||||||||ger||||||| | ||
| LOK | |0 040 |a DE-Tue135 |c DE-627 |d DE-Tue135 | ||
| LOK | |0 092 |o n | ||
| LOK | |0 852 |a DE-Tue135 | ||
| LOK | |0 852 1 |9 00 | ||
| LOK | |0 935 |a ixzs |a ixmi | ||
| LOK | |0 936ln |0 1442042990 |a AB | ||
| LOK | |0 936ln |0 1442051507 |a NBC | ||
| LOK | |0 939 |a 04-04-16 |b l01 | ||
| ORI | |a SA-MARC-ixtheoa001.raw | ||
| REL | |a 1 | ||
| STA | 0 | 0 | |a Religious philosophy,Philosophy of religion,Religion,Theodicy,Theodicy |
| STB | 0 | 0 | |a Philosophie des religions,Théodicée,Théodicée |
| STC | 0 | 0 | |a Filosofía de religión,Teodicea,Teodicea |
| STD | 0 | 0 | |a Filosofia della religione,Teodicea,Teodicea |
| STE | 0 | 0 | |a 宗教哲学,神义论,神义论,神正论,神正论 |
| STF | 0 | 0 | |a 宗教哲學,神義論,神義論,神正論,神正論 |
| STG | 0 | 0 | |a Filosofia da religião,Teodiceia,Teodiceia |
| STH | 0 | 0 | |a Теодицея (мотив),Теодицея,Философия религии |
| STI | 0 | 0 | |a Θεοδικία (μοτίβο),Θεοδικία,Φιλοσοφία της θρησκείας |
| SUB | |a REL | ||



